000
00257nam a2200097Ia 4500
001
698695
005
20250826162056.0
008
250824s9999 xx 000 0 und d
245
0
_a
GORİOT BABA (ANTİK)
_c
HONORE DE BALZAC
260
_b
ANTİK DÜNYA KLASİKLERİ
999
_c
698695
_d
698695